Normal view
MARC view
- Thomas, Kenny, 1955- author
Entry Personal Name
001 - CONTROL NUMBER
- control field: 27861
003 - CONTROL NUMBER IDENTIFIER
- control field: OSt
005 - DATE AND TIME OF LATEST TRANSACTION
- control field: 20180516112656.0
008 - FIXED-LENGTH DATA ELEMENTS
- fixed length control field: 180516|| aca||aabn | a|a d
040 ## - CATALOGING SOURCE
- Original cataloging agency: OSt
100 ## - HEADING--PERSONAL NAME
- Personal name: Thomas, Kenny, 1955- author
